Měli jsme přehled, co vlastní české domácnosti?

Prieskum vybavenosti českých domácností vybranými predmetmi dlhodobej spotreby, ktorý uskutočnil Institut pro výzkum trhu GfK Praha od 11. 1. do 24. 2. 1997. Ciele prieskumu. Zmeny, ktoré nastali vo vybavenosti domácností od r. 1989.

Salvato in:
Dettagli Bibliografici
Autore principale: Zahradníček, Stanislav
Natura: Capitolo di libro
Lingua:ceco
Soggetti:
Tags: Aggiungi Tag
Nessun Tag, puoi essere il primo ad aggiungerne!!

MARC

LEADER 00000naa a2200000 4500
001 r026706
005 20230607100422.8
041 0 |a cze 
044 |a CZ 
245 1 0 |a Měli jsme přehled, co vlastní české domácnosti?  |c Stanislav Zahradníček 
520 |a Prieskum vybavenosti českých domácností vybranými predmetmi dlhodobej spotreby, ktorý uskutočnil Institut pro výzkum trhu GfK Praha od 11. 1. do 24. 2. 1997. Ciele prieskumu. Zmeny, ktoré nastali vo vybavenosti domácností od r. 1989. 
610 2 0 |a Česko 
610 2 0 |a 1997 
610 2 0 |a marketing 
610 2 0 |a komunikácia 
610 2 0 |a prieskum štatistický 
610 2 0 |a vybavenosť domácností 
610 2 0 |a predmety spotreby dlhodobej 
610 2 0 |a Institut pro výzkum trhu GfK Praha 
100 1 |a Zahradníček, Stanislav